Hỏi đáp về những ngôi đình nổi tiếng ở Việt Nam

Cung cấp những thông tin bổ ích về 350 ngôi đình nổi tiếng ở mọi miền đất nước ta

Na minha lista:
Detalhes bibliográficos
Autor principal: Đặng, Việt Thủy
Formato: Livro
Idioma:Undetermined
Publicado em: H. QĐND 2009
Assuntos:
Acesso em linha:http://lrc.tdmu.edu.vn/opac/search/detail.asp?aID=2&ID=7484
Tags: Adicionar Tag
Sem tags, seja o primeiro a adicionar uma tag!
Thư viện lưu trữ: Trung tâm Học liệu Trường Đại học Thủ Dầu Một
LEADER 00789nam a2200205Ia 4500
001 TDMU_7484
008 210410s9999 xx 000 0 und d
082 |a 203.597 
090 |b Đ116 
100 |a Đặng, Việt Thủy 
245 0 |a Hỏi đáp về những ngôi đình nổi tiếng ở Việt Nam 
245 0 |c Đặng Việt Thủy c.b 
260 |a H. 
260 |b QĐND 
260 |c 2009 
300 |a 399tr 
520 |a Cung cấp những thông tin bổ ích về 350 ngôi đình nổi tiếng ở mọi miền đất nước ta 
650 |a Hỏi đáp; Đình; Việt Nam 
856 |u http://lrc.tdmu.edu.vn/opac/search/detail.asp?aID=2&ID=7484 
980 |a Trung tâm Học liệu Trường Đại học Thủ Dầu Một